| 000 | 00613cam a2200229 a 4500 | ||
|---|---|---|---|
| 020 | _a007252815X (acidfree paper) | ||
| 020 | _a9780072528152 (acidfree paper) | ||
| 020 | _a0071111786 | ||
| 020 | _a9780071111782 | ||
| 040 | _cDLC | ||
| 082 | _a550 PIU 2005 C260 Or. | ||
| 100 | 1 | _aPlummer, Charles C., | |
| 245 | 1 | 0 | _aPhysical geology / |
| 250 | _a10th ed. / | ||
| 260 |
_aBoston : _bMcGraw-Hill, _cc2005 |
||
| 300 |
_axix, 580 p. : _bill. (some col.) ; _c29 cm |
||
| 500 | _aIncludes index | ||
| 650 | 0 | _aPhysical geology | |
| 700 | 1 | _aMcGeary, David | |
| 700 | 1 | _aCarlson, Diane H | |
| 942 | _cAEDBB | ||
| 999 |
_c22285 _d22285 |
||